Quizzes
Events
Quiz Creation
Community
Videos
Private Events
Remove Ads
Sign In
Join for FREE
Feedback
Dark Mode
Quiz Categories
Sports
Geography
Music
Movies
Television
Just For Fun
Miscellaneous
History
Literature
Language
Science
Gaming
Entertainment
Religion
Holiday
For Kids
Quiz Lab
Recent
Popular Today
Quiz Kudos Today
Editor Picks
Curator Picks
Quizzes by...
Day
Popularity
Type
Ratings
Length
Year
Community
Subscriptions
Recent Discussions
Orange Saloon
Badges
Playlists
Quests
Create
Leaderboards
Showdown
Live 5
Trivia Bingo
Activity
Puzzle Library
Sporcle Events
Private Events
Virtual Trivia
Globe League
Become a Host
Pub Owners
SporcleCon
Opinionation
Our Games
Videos
Blog
Mobile Apps
Partnerships
Remove Ads and Go Orange
Feedback
Music
Pop Music
The Beatles
Song
Album
Lyrics
Bands
Singers
Artist
Clip
Rock
Rap
Classical
Billboard
Country Music
Kpop
Taylor Swift
Music
Pop Music
The Beatles
Song
Album
Lyrics
Bands
Singers
Artist
Clip
Rock
Rap
Classical
Billboard
Country Music
Kpop
Taylor Swift
Random Quiz
Search Sporcle
×
Quiz Lab
Quiz Lab
Music
Lyrics
Type in answers that appear in a list
Type in answers that appear in a list
Classic
Best Score? Go Orange.
RHCP Lyrics: 'Dosed' Stats
Can you name lyrics in 'Dosed' by the Red Hot Chili Peppers?
By
EAN
5m
240 Questions
725 Plays
725 Plays
725 Plays
Comments
Comments
Give Quiz Kudos
Give Quiz Kudos
-
- Ratings
hide this ad
Replay
Link that replays current quiz
Next Quiz
Link to next quiz in quiz playlist
You Got
0%
They Got
Avg Score
88%
Avg Friend Score
Upgrade to see
Score Distribution
Jump to the score distribution portion of the page
Score
0/240
Timer
05:00
0
Plays Today
% Correct
I
99%
dosed
99%
I
99%
do?
99%
I
99%
I
99%
I
99%
I
99%
I
99%
I
99%
I
99%
I
99%
I
99%
I
99%
dosed
99%
I
99%
do?
99%
I
99%
I
99%
I
99%
I
99%
you
98.6%
you
98.6%
you
98.6%
you
98.6%
you.
98.6%
you.
98.6%
you
98.6%
you
98.6%
a
98.2%
a
98.2%
by
96.8%
to
96.8%
to
96.8%
to
96.8%
by
96.8%
to
96.8%
to
96.8%
got
95.9%
got
95.9%
and
95.7%
and
95.7%
and
95.7%
and
95.7%
and
95.7%
and
95.7%
and
95.7%
and
95.7%
and
95.7%
and
95.7%
what
95.3%
what
95.3%
the
94.1%
the
94.1%
the
94.1%
the
94.1%
the
94.1%
the
94.1%
the
94.1%
the
94.1%
ever
93.9%
ever
93.9%
ever
93.9%
ever
93.9%
ever
93.9%
ever
93.9%
am
93.4%
am
93.4%
it
93.1%
it
93.1%
it
93.1%
it
93.1%
it
93.1%
it
93.1%
it
93.1%
it
93.1%
supposed
92.4%
supposed
92.4%
be
92.3%
be
92.3%
% Correct
be
92.3%
be
92.3%
your
91.6%
your
91.6%
your
91.6%
your
91.6%
your
91.6%
your
91.6%
your
91.6%
In
91.4%
was
90.8%
was
90.8%
was
90.8%
was
90.8%
was
90.8%
was
90.8%
wanted
90.3%
wanted
90.3%
wanted
90.3%
wanted
90.3%
wanted
90.3%
wanted
90.3%
wanted
90.3%
all
89.9%
All
89.9%
all
89.9%
All
89.9%
all
89.9%
All
89.9%
on,
89.2%
on,
89.2%
on,
89.2%
on.
89.2%
on,
89.2%
on,
89.2%
on,
89.2%
on.
89.2%
on
89.2%
on,
89.2%
on,
89.2%
on,
89.2%
on.
89.2%
on,
89.2%
on,
89.2%
on,
89.2%
on.
89.2%
Take
89.1%
Take
89.1%
Take
89.1%
Take
89.1%
away
88.7%
away,
88.7%
away,
88.7%
away
88.7%
never
88.4%
never
88.4%
is
88.3%
is
88.3%
is
88.3%
is
88.3%
where
88%
where
88%
where
88%
life.
87.9%
life.
87.9%
life.
87.9%
life.
87.9%
life.
87.9%
life.
87.9%
most
87.7%
Way
87.7%
way
87.7%
way
87.7%
Way
87.7%
most
87.7%
Way
87.7%
will
87.4%
she
87.4%
she
87.4%
will
87.4%
% Correct
she
87.4%
anyway.
87.2%
can
87.2%
can
87.2%
anyway.
87.2%
can
87.2%
okay.
86.6%
okay.
86.6%
than
86.5%
than
86.5%
everything
86.3%
everything
86.3%
had
86.1%
had
86.1%
closer
85.5%
closer
85.5%
Deep
85%
Deep
85%
Deep
85%
inside
84%
inside
84%
inside
84%
Lay
83%
lay
83%
lay
83%
lay
83%
Lay
83%
lay
83%
lay
83%
lay
83%
died,
83%
Lay
83%
lay
83%
lay
83%
lay
83%
Lay
83%
lay
83%
lay
83%
lay
83%
died,
83%
died,
83%
hide.
82.3%
hide.
82.3%
hide.
82.3%
star
82.1%
born
81.7%
mountain
81.7%
mountain
81.7%
mountain
81.7%
canyon
79.3%
canyon
79.3%
canyon
79.3%
upon
78.5%
with
78.5%
with
78.5%
with
78.5%
upon
78.5%
upon
78.5%
this
77.4%
This
77.4%
This
77.4%
perfect
77.2%
form
73%
that
69.2%
knew
69.1%
no
68.7%
seahorse
66.9%
would
66.3%
forever
64.7%
love
63.7%
climb
63.7%
cut
63.2%
right
63.2%
someone
62.8%
remorse
62.6%
course.
61.2%
onto
60.6%
ride
58.1%
Show
57.7%
warm.
55.2%
Quiz Playlist
Details
Report
Send in Message
Add To Playlist
Classic:
Type in answers that appear in a list
Quiz Source
Last Updated: Feb 16, 2017
Quiz Scoreboard
CHALLENGE
Sign Up to Join the Scoreboard
Show All
Scores
Hide
Comments
May contain spoilers
Recently Published
An Introduction to Baseball
by treessimontrees
Sports
5m
Movies - When Are They Set?
by FPL_Elf
Movies
5m
Popular People in 1961
by mucciniale
History
6m
More to Explore
Quiz From the Vault
Featured Blog Post
Where Did the Easter Bunny Come From?
hide this ad
You Might Also Like...
Tags
Lyrics Quiz
Song Quiz
2002
chili
dose
hot
Pepper
Red
Red Hot Chili Peppers
rhcp
Today's Top Quizzes in Music
Browse Music
hide this ad
Today's Top Quizzes in Lyrics
Browse Lyrics
Top Contributed Quizzes in Music
1
Taylor Swift All Songs (2024)
2
Guess the Artist- 70s Songs
3
KPOP LOGIC QUIZ
4
One Thing in Common: Music
5
2010s Album by Cover III
6
Guess the Taylor Swift song (Mystery Song)
7
Taylor Swift Logic Puzzle
8
2010s Album by Cover IV
9
2010s Album by Cover V
10
Kpop Logic Quiz
Explore More
Trending Topics
Marvel
NBA
Harry Potter
Disney
Crossword
Anime
Kpop
NFL
Pokémon
WWE
The Office
Puzzle
Song
Country
Soccer
hide this ad
More By:
EAN
Quiz
Plays
Rating
Category
Featured
Created
'Hey Jude' Lyrics
99,290
4.65
Music
Sep 23, 2013
Robert Smith's Calendar
16,491
4.85
Music
Feb 20, 2015
What Did Steve Urkel Do?
7,080
4.00
Television
Feb 19, 2014
Elizabeth II's Descendants By Title
4,106
4.13
History
Jul 12, 2014
Queen: Guess the Lyrics
3,812
4.53
Music
Jul 15, 2014
Go to Creator's Profile
Score Distribution
Quiz Creator Spotlight
EAN
Follow
Send a Message
Quizzes Created
-
Created Quiz Play Count
-
More By This Creator
Popular Quizzes Today
1
Find the Countries of Europe - No Outlines Minefield
2
Find the US States - No Outlines Minefield
3
The Countries of the World
4
Popular People in 1961
5
US States
6
Find the US States
7
1-10 Letter E Words III
8
Risky Map Clicking: Biggest States A-Z
More Music Quizzes
The First Word: Metallica Songs
Published
Trending Quizzes
Risky Map Clicking: Least Populous States A-Z
1-10 Letter F Words
1-10 Letter G Words
One Thing in Common: United Kingdom
Not Quite an Element Typing Challenge
Recently Updated
Leaping Animals
pecheneg
Reality TV Shows (A-Z)
bhenderson79
Rickey Henderson's Hall of Fame Teammates
pecheneg
Champions League XIs: Arsenal
pecheneg
Quick Pick: Celebrities in WWE's Hall of Fame
aduchscher
A-Z Keypad Blitz II
pecheneg
Multiple Oscar Actors
pecheneg
Mystery Phrase Blitz: Oscar 'Best Actors'
pecheneg
F. Scott Fitzgerald Novels
LTH
Pick 3 Villains
ddd62291
Trending Topics
Harry Potter
Crossword
Anime
Kpop
NBA
Disney
Marvel
Song
Puzzle
Soccer
WWE
NFL
Country
Pokémon
The Office
Your Account Isn't Verified!
In order to create a playlist on Sporcle, you need to verify the email address you used during registration. Go to your
Sporcle Settings
to finish the process.
Report this User
Report this user for behavior that violates our
Community Guidelines
.
Details:
Send Report
Go to the Sporcle.com Mobile Site →
Comments